书目信息 |
| 题名: |
社会保障与政府职能研究
|
|
| 作者: | 林毓铭 著 | |
| 分册: | ||
| 出版信息: | 北京 人民出版社 2008 |
|
| 页数: | 10,402页 | |
| 开本: | 23cm | |
| 丛书名: | ||
| 单 册: | ||
| 中图分类: | D632.1 , D630.1 | |
| 科图分类: | ||
| 主题词: | 社会保障--研究--中国 , 国家行政机关--职能管理--研究--中国 , 社会保障 , 国家行政机关 , 职能管理 | |
| 电子资源: | ||
| ISBN: | 978-7-01-006163-4 | |
| 000 | 01048nam0 2200301 45 | |
| 001 | 1033043687 | |
| 005 | 20100407172246.51 | |
| 010 | @a978-7-01-006163-4@dCNY50.00 | |
| 100 | @a20100401d2008 em y0chiy50 ea | |
| 101 | 0 | @achi |
| 102 | @aCN@b110000 | |
| 105 | @ay z 000yy | |
| 106 | @ar | |
| 200 | 1 | @a社会保障与政府职能研究@AShe Hui Bao Zhang Yu Zheng Fu Zhi Neng Yan Jiu@f林毓铭著@FLin Yu Ming Zhu |
| 210 | @a北京@c人民出版社@d2008 | |
| 215 | @a10,402页@d23cm | |
| 300 | @a国家社会科学基金项目 | |
| 330 | @a本书共分为九章,主要探讨了我国在完善社会各项保障的过程中政府的职能。内容涉及:政府社会保障职能与社会保障责任的协调、公共管理的理论视角与政府社会保障发展规划、社会保障二元化结构的逐步矫正等。 | |
| 606 | 0 | @a社会保障@x研究@y中国 |
| 606 | 0 | @a国家行政机关@x职能管理@x研究@y中国 |
| 606 | 0 | @a社会保障 |
| 606 | 0 | @a国家行政机关 |
| 606 | 0 | @a职能管理 |
| 690 | @aD632.1@v4 | |
| 690 | @aD630.1@v4 | |
| 701 | 0 | @a林毓铭@ALin Yu Ming@f(1956~)@4著 |
| 801 | 0 | @aCN@bTANGWEI@c20100407 |
| 905 | @b0587814-16@dD632.1@e152@f3 | |
| 社会保障与政府职能研究/林毓铭著.-北京:人民出版社,2008 |
| 10,402页;23cm |
| 国家社会科学基金项目 |
| ISBN 978-7-01-006163-4:CNY50.00 |
| 本书共分为九章,主要探讨了我国在完善社会各项保障的过程中政府的职能。内容涉及:政府社会保障职能与社会保障责任的协调、公共管理的理论视角与政府社会保障发展规划、社会保障二元化结构的逐步矫正等。 |
| ● |
| 相关链接 |
|
|
|
|
正题名:社会保障与政府职能研究
索取号:D632.1/152
 
预约/预借
| 序号 | 登录号 | 条形码 | 馆藏地/架位号 | 状态 | 备注 |
| 1 | 0587814 | 205878148 | 第一样本阅览室/ [索取号:D632.1/152] | 在馆 | |
| 2 | 0587815 | 205878157 | 第一借阅区/ [索取号:D632.1/152] | 在馆 | |
| 3 | 0587816 | 205878166 | 第一借阅区/ [索取号:D632.1/152] | 在馆 |